[Event "GER-ch U25 op"]
[Site "Willingen"]
[Date "2008.05.15"]
[Round "7"]
[White "Hauffen, Kai"]
[Black "George, Tom"]
[Result "0-1"]
[WhiteElo "1454"]
[BlackElo "1669"]
[PlyCount "56"]
[EventDate "2008.05.11"]
[EventType "swiss"]
[EventRounds "9"]
[EventCountry "GER"]
[SourceTitle "CBM 124 Extra"]
[Source "ChessBase"]
[SourceDate "2008.07.03"]
[SourceVersion "1"]
[SourceVersionDate "2008.07.03"]
[SourceQuality "1"]

1. e4 c5 2. Nf3 d6 3. Nc3 Nf6 4. d4 cxd4 5. Nxd4 a6 6. Bg5 e6 7. f4 Qb6 8. Qd2 Be7 9. 0-0-0 0-0 10. g4 Qc7 11. Bxf6 Bxf6 12. g5 Bxd4 13. Qxd4 Rd8 14. h4 Nc6 15. Qf2 Ne7 16. h5 b5 17. g6 fxg6 18. hxg6 Nxg6 19. Bd3 Qf7 20. Qg2 Nxf4 21. Qh2 h6 22. Qg3 Kh8 23. Kb1 e5 24. Rdf1 Be6 25. a3 Rab8 26. Ne2 Rf8 27. Rh4 Nxe2 28. Bxe2 Qxf1+ 0-1

[Event "GER-ch U25 op"]
[Site "Willingen"]
[Date "2008.05.14"]
[Round "6"]
[White "Hauffen, Kai"]
[Black "Laqua, Stefan"]
[Result "1/2-1/2"]
[WhiteElo "1454"]
[BlackElo "1684"]
[PlyCount "76"]
[EventDate "2008.05.11"]
[EventType "swiss"]
[EventRounds "9"]
[EventCountry "GER"]
[SourceTitle "CBM 124 Extra"]
[Source "ChessBase"]
[SourceDate "2008.07.03"]
[SourceVersion "1"]
[SourceVersionDate "2008.07.03"]
[SourceQuality "1"]

1. e4 e6 2. d4 d5 3. Nd2 dxe4 4. Nxe4 Nd7 5. Nf3 Ngf6 6. Nxf6+ Nxf6 7. Bd3 Be7 8. 0-0 0-0 9. c3 b6 10. Bg5 Bb7 11. Bxf6 Bxf6 12. Nd2 c5 13. Qc2 cxd4 14. Bxh7+ Kh8 15. Be4 Qc7 16. Qd3 Rfd8 17. Qh3+ Kg8 18. Qh7+ Kf8 19. Bxb7 Qxb7 20. Ne4 dxc3 21. Nxf6 gxf6 22. bxc3 Ke7 23. Qc2 Rh8 24. Rad1 Rag8 25. f4 Rh3 26. Rf2 Qc6 27. Rd3 Rxd3 28. Qxd3 Rd8 29. Qc2 Qc4 30. Rf3 Qc5+ 31. Rf2 Qe3 32. Kf1 Qc5 33. Qb3 Qh5 34. Qa3+ Ke8 35. g3 Rd1+ 36. Kg2 Qd5+ 37. Kh3 Qf5+ 38. Kg2 Qe4+ 1/2-1/2

[Event "GER-ch U25 op"]
[Site "Willingen"]
[Date "2008.05.11"]
[Round "2"]
[White "Hauffen, Kai"]
[Black "Bui, Ha Trang"]
[Result "1-0"]
[WhiteElo "1454"]
[BlackElo "774"]
[PlyCount "55"]
[EventDate "2008.05.11"]
[EventType "swiss"]
[EventRounds "9"]
[EventCountry "GER"]
[SourceTitle "CBM 124 Extra"]
[Source "ChessBase"]
[SourceDate "2008.07.03"]
[SourceVersion "1"]
[SourceVersionDate "2008.07.03"]
[SourceQuality "1"]

1. e4 e5 2. Bc4 Nf6 3. d4 exd4 4. Nf3 Be7 5. e5 Ne4 6. Qxd4 Nc5 7. 0-0 0-0 8. Nc3 b6 9. Qf4 h6 10. Qg3 Kh7 11. Be3 Bb7 12. b4 Bxf3 13. Qxf3 Nc6 14. bxc5 Nxe5 15. Qe4+ Kh8 16. Qxe5 bxc5 17. Bd3 Bf6 18. Qe4 g6 19. Bxh6 Re8 20. Qc4 Kh7 21. Bd2 c6 22. Rae1 Rh8 23. Qxc5 Qc7 24. Ne4 Kg7 25. h3 Rh7 26. Nxf6 Kxf6 27. Bc3+ Qe5 28. Qxe5# 1-0

[Event "GER-ch U25"]
[Site "Willingen"]
[Date "2007.05.30"]
[Round "7"]
[White "Frey, Nicole"]
[Black "Hauffen, Kai"]
[Result "1-0"]
[WhiteElo "1790"]
[BlackElo "1527"]
[PlyCount "53"]
[EventDate "2007.05.26"]
[EventType "swiss"]
[EventRounds "9"]
[EventCountry "GER"]
[SourceTitle "CBM 118 Extra"]
[Source "ChessBase"]
[SourceDate "2007.07.04"]
[SourceVersion "1"]
[SourceVersionDate "2007.07.04"]
[SourceQuality "1"]

1. e4 c5 2. Nc3 d6 3. g3 Nc6 4. Bg2 Nf6 5. d3 g6 6. h3 Bg7 7. Be3 0-0 8. Qd2 Bd7 9. Bh6 Qc7 10. 0-0-0 Rab8 11. h4 b5 12. h5 Be6 13. hxg6 fxg6 14. Bxg7 Kxg7 15. Qh6+ Kh8 16. Nf3 Qa5 17. Ng5 Bg8 18. e5 Nxe5 19. Nd5 Nh5 20. Nxe7 Qc7 21. Nxg6+ Nxg6 22. Rxh5 Ne5 23. Rdh1 Ng4 24. Qxh7+ Bxh7 25. Rxh7+ Qxh7 26. Rxh7+ Kg8 27. Bd5+ 1-0

[Event "GER-ch U25"]
[Site "Willingen"]
[Date "2007.05.28"]
[Round "4"]
[White "Hauffen, Kai"]
[Black "Lange, Marcus"]
[Result "0-1"]
[WhiteElo "1527"]
[BlackElo "1181"]
[PlyCount "138"]
[EventDate "2007.05.26"]
[EventType "swiss"]
[EventRounds "9"]
[EventCountry "GER"]
[SourceTitle "CBM 118 Extra"]
[Source "ChessBase"]
[SourceDate "2007.07.04"]
[SourceVersion "1"]
[SourceVersionDate "2007.07.04"]
[SourceQuality "1"]

1. e4 c5 2. Nf3 d6 3. d4 cxd4 4. Nxd4 e5 5. Nf3 Nf6 6. Nc3 Bg4 7. Be2 Be7 8. Bg5 Nbd7 9. 0-0 0-0 10. Bxf6 Nxf6 11. Nd2 Bxe2 12. Qxe2 Qc7 13. Rad1 a6 14. Nc4 Rac8 15. Ne3 Qc6 16. Nf5 Rc7 17. Rd2 b5 18. a3 Rb8 19. Rc1 a5 20. Nd5 Nxd5 21. Rxd5 Rb6 22. Nxe7+ Rxe7 23. Rcd1 Re6 24. b3 h6 25. R1d3 a4 26. Qd2 axb3 27. cxb3 Ra6 28. Rc3 Qb6 29. b4 Rf6 30. Qe2 Kh7 31. h3 Rf4 32. g3 Rf6 33. Qe3 Qxe3 34. fxe3 Rb6 35. Kg2 Kg6 36. Rc7 Ra6 37. Rd3 Kg5 38. Rb7 Rc6 39. Rd2 Rc3 40. Re2 Rxa3 41. Rxb5 h5 42. Rb8 Ra4 43. Rb5 h4 44. g4 Re6 45. Ra5 Rxb4 46. Ra7 Rf6 47. Rf2 Kg6 48. Rxf6+ Kxf6 49. Kf3 g6 50. Ra1 Ke6 51. Rd1 g5 52. Rc1 Rb5 53. Rc8 d5 54. exd5+ Rxd5 55. Rc7 e4+ 56. Kxe4 Rd2 57. Rc5 f6 58. Rc6+ Kf7 59. Rc7+ Kg6 60. Rc6 Rh2 61. Kd5 Rxh3 62. e4 Re3 63. Kd4 Re1 64. Rc3 Rg1 65. Kd5 Rxg4 66. Rc6 Rf4 67. Rb6 h3 68. Rb2 g4 69. e5 Rf5 0-1

[Event "Sachsen-ch U14"]
[Site "Sebnitz"]
[Date "2007.04.14"]
[Round "7"]
[White "Thieme, Alexander"]
[Black "Hauffen, Kai"]
[Result "0-1"]
[WhiteElo "1040"]
[BlackElo "1465"]
[PlyCount "90"]
[EventDate "2007.04.10"]
[EventType "swiss"]
[EventRounds "7"]
[EventCountry "GER"]
[SourceTitle "EXT 2008"]
[Source "ChessBase"]
[SourceDate "2007.11.25"]
[SourceVersion "1"]
[SourceVersionDate "2007.11.25"]
[SourceQuality "1"]

1. e4 c5 2. Nf3 d6 3. d4 cxd4 4. Nxd4 Nf6 5. Nc3 a6 6. Be3 e6 7. Bd3 Be7 8. 0-0 0-0 9. Bg5 b5 10. a3 Bb7 11. b4 Nbd7 12. Nf3 Rc8 13. Bd2 Qc7 14. Re1 Ng4 15. h3 Nge5 16. Nxe5 Nxe5 17. Ne2 Bf6 18. Rc1 Rfd8 19. f4 Ng6 20. c3 Qb6+ 21. Kh1 d5 22. e5 Be7 23. Bxg6 fxg6 24. Nd4 Bh4 25. Rf1 Re8 26. Qg4 Bd8 27. Qf3 Bc6 28. g4 Bd7 29. f5 gxf5 30. gxf5 exf5 31. Rce1 Be6 32. Nxf5 Bxf5 33. Qxf5 Qe6 34. Qxe6+ Rxe6 35. Rf3 Bh4 36. Re2 Rce8 37. Rf5 g6 38. Rf4 Bg3 39. Rf6 Rxf6 40. Re3 Bxe5 41. Re2 Rfe6 42. Rf2 Bg3 43. Rf3 Re2 44. Rxg3 Rxd2 45. Rg1 Ree2 0-1

[Event "Sachsen-ch U14"]
[Site "Sebnitz"]
[Date "2007.04.13"]
[Round "5"]
[White "Hauffen, Kai"]
[Black "Jentzsch, Jakob"]
[Result "1-0"]
[WhiteElo "1465"]
[BlackElo "1398"]
[PlyCount "53"]
[EventDate "2007.04.10"]
[EventType "swiss"]
[EventRounds "7"]
[EventCountry "GER"]
[SourceTitle "EXT 2008"]
[Source "ChessBase"]
[SourceDate "2007.11.25"]
[SourceVersion "1"]
[SourceVersionDate "2007.11.25"]
[SourceQuality "1"]

1. e4 c5 2. Nf3 d6 3. d4 cxd4 4. Nxd4 Nf6 5. Nc3 g6 6. Bc4 Bg7 7. Be3 0-0 8. f3 Nc6 9. Qd2 Bd7 10. 0-0-0 Qa5 11. Bb3 a6 12. g4 Ne5 13. h4 h5 14. gxh5 Nxh5 15. f4 Ng4 16. f5 Ne5 17. fxg6 Nxg6 18. Rdg1 b5 19. Rxg6 Kh7 20. Rg5 Nf6 21. Rhg1 Bh8 22. Qe2 Bg4 23. R1xg4 Nxg4 24. Qxg4 Bg7 25. Rxg7+ Kh8 26. Qg5 Qxc3 27. Qh6# 1-0

[Event "Sachsen-ch U14"]
[Site "Sebnitz"]
[Date "2007.04.11"]
[Round "2"]
[White "Fittkau, Nico"]
[Black "Hauffen, Kai"]
[Result "1/2-1/2"]
[WhiteElo "1458"]
[BlackElo "1465"]
[PlyCount "54"]
[EventDate "2007.04.10"]
[EventType "swiss"]
[EventRounds "7"]
[EventCountry "GER"]
[SourceTitle "EXT 2008"]
[Source "ChessBase"]
[SourceDate "2007.11.25"]
[SourceVersion "1"]
[SourceVersionDate "2007.11.25"]
[SourceQuality "1"]

1. e4 c5 2. Nc3 d6 3. f4 Nc6 4. Nf3 Nf6 5. h3 a6 6. d3 g6 7. Ne2 Qc7 8. Ng3 Bg7 9. Be2 0-0 10. 0-0 b5 11. Be3 Bh6 12. Qc1 Bd7 13. Nh1 Qc8 14. Nf2 Nh5 15. Kh2 Nd4 16. Nxd4 cxd4 17. Bd2 Nf6 18. g4 Ne8 19. g5 Bg7 20. Bg4 f5 21. exf5 Bxf5 22. Bxf5 Qxf5 23. a4 Nc7 24. Ne4 bxa4 25. Rxa4 e5 26. Ng3 Qd7 27. Ra5 Nb5 1/2-1/2

[Event "GER-ch op U25"]
[Site "Willingen"]
[Date "2006.06.05"]
[Round "4"]
[White "Plumbaum, Nadja"]
[Black "Hauffen, Kai"]
[Result "1/2-1/2"]
[WhiteElo "971"]
[BlackElo "1218"]
[PlyCount "31"]
[EventDate "2006.06.04"]
[EventType "swiss"]
[EventRounds "9"]
[EventCountry "GER"]
[SourceTitle "EXT 2007"]
[Source "ChessBase"]
[SourceDate "2006.11.23"]
[SourceVersion "1"]
[SourceVersionDate "2006.11.23"]
[SourceQuality "1"]

1. c4 c5 2. Nc3 Nc6 3. Nf3 Nf6 4. g3 e6 5. Bg2 Be7 6. 0-0 0-0 7. d3 d5 8. cxd5 Nxd5 9. Bd2 b6 10. Rc1 Bb7 11. a3 Nxc3 12. Bxc3 Qc8 13. Qd2 Rd8 14. Rc2 Qd7 15. Rfc1 c4 16. dxc4 1/2-1/2

[Event "Sachsen-ch U12"]
[Site "Sebnitz"]
[Date "2006.04.22"]
[Round "7"]
[White "Schumer, Arik"]
[Black "Hauffen, Kai"]
[Result "1-0"]
[WhiteElo "1107"]
[BlackElo "1254"]
[PlyCount "87"]
[EventDate "2006.04.18"]
[EventType "swiss"]
[EventRounds "7"]
[EventCountry "GER"]
[SourceTitle "EXT 2007"]
[Source "ChessBase"]
[SourceDate "2006.11.23"]
[SourceVersion "1"]
[SourceVersionDate "2006.11.23"]
[SourceQuality "1"]

1. e4 c5 2. Nf3 d6 3. d4 cxd4 4. Nxd4 Nf6 5. Nc3 a6 6. Bc4 b5 7. Bb3 Bb7 8. Qe2 e6 9. Bg5 Be7 10. 0-0-0 0-0 11. f4 b4 12. Na4 Bxe4 13. Bxf6 d5 14. Bxe7 Qxe7 15. Rhe1 Nd7 16. Qg4 a5 17. f5 e5 18. Ne2 d4 19. Qxe4 Rfc8 20. Nxd4 Qg5+ 21. Qe3 Qxe3+ 22. Rxe3 exd4 23. Rxd4 Ra7 24. Rc4 Rd8 25. Rd4 Rf8 26. Re7 Rd8 27. Nc5 h6 28. Rexd7 Rdxd7 29. Rxd7 Rxd7 30. Nxd7 Kh7 31. Bxf7 b3 32. Bxb3 a4 33. Bxa4 g6 34. fxg6+ Kxg6 35. b4 h5 36. b5 h4 37. b6 h3 38. gxh3 Kg5 39. b7 Kh4 40. b8Q Kh5 41. Qg8 Kh6 42. Ne5 Kh5 43. Qg6+ Kh4 44. Qg4# 1-0

[Event "Sachsen-ch U12"]
[Site "Sebnitz"]
[Date "2006.04.21"]
[Round "5"]
[White "Hauffen, Kai"]
[Black "Fittkau, Nico"]
[Result "0-1"]
[WhiteElo "1254"]
[BlackElo "1402"]
[PlyCount "92"]
[EventDate "2006.04.18"]
[EventType "swiss"]
[EventRounds "7"]
[EventCountry "GER"]
[SourceTitle "EXT 2007"]
[Source "ChessBase"]
[SourceDate "2006.11.23"]
[SourceVersion "1"]
[SourceVersionDate "2006.11.23"]
[SourceQuality "1"]

1. e4 b6 2. d4 Bb7 3. Bd3 e6 4. Nf3 Nf6 5. Qe2 d5 6. e5 Nfd7 7. Ng5 Be7 8. Qg4 h5 9. Qg3 Nc6 10. c3 Nf8 11. 0-0 Qd7 12. f4 g6 13. Be3 Bxg5 14. Qxg5 Nh7 15. Qh4 Ne7 16. b4 0-0-0 17. a4 a6 18. Qf2 Nf5 19. Qe2 Nxe3 20. Qxe3 Kb8 21. Qe2 Qc8 22. a5 b5 23. Bxb5 axb5 24. Qxb5 c6 25. Qa4 Ba6 26. Rc1 Bb5 27. Qa3 Qa6 28. Nd2 Nf8 29. Qb3 Qa7 30. Kf2 h4 31. Ke3 Rh5 32. Nf3 Nh7 33. Qd1 Rh8 34. Nd2 Rf5 35. c4 dxc4 36. Nxc4 g5 37. fxg5 Nxg5 38. Nd6 Rf1 39. Qg4 Rxc1 40. Rxc1 Qe7 41. Kf4 h3 42. g3 f6 43. Rc5 fxe5+ 44. dxe5 Rf8+ 45. Ke3 Rf3+ 46. Kd4 Rd3# 0-1

[Event "Sachsen-ch U12"]
[Site "Sebnitz"]
[Date "2006.04.19"]
[Round "2"]
[White "Matschewsky, Justus"]
[Black "Hauffen, Kai"]
[Result "1-0"]
[WhiteElo "1370"]
[BlackElo "1254"]
[PlyCount "85"]
[EventDate "2006.04.18"]
[EventType "swiss"]
[EventRounds "7"]
[EventCountry "GER"]
[SourceTitle "EXT 2007"]
[Source "ChessBase"]
[SourceDate "2006.11.23"]
[SourceVersion "1"]
[SourceVersionDate "2006.11.23"]
[SourceQuality "1"]

1. e4 c5 2. Nf3 d6 3. d4 cxd4 4. Nxd4 Nf6 5. Nc3 a6 6. Be3 e6 7. Bc4 b5 8. Bb3 Bb7 9. f3 Be7 10. 0-0 Nbd7 11. a3 0-0 12. Bxe6 fxe6 13. Nxe6 Qe8 14. Nxf8 Qxf8 15. Bg5 Qf7 16. Bxf6 Nxf6 17. Re1 Nh5 18. Nd5 Rf8 19. Qd2 Bh4 20. Re2 Qg6 21. g4 Kh8 22. Rg2 Nf6 23. Ne7 Qg5 24. Nf5 d5 25. f4 Qg6 26. Nxh4 Qxe4 27. Re1 Qc4 28. Qb4 Qxb4 29. axb4 d4 30. Rg3 Ne4 31. Rd3 Rxf4 32. h3 g5 33. Rf3 Nd2 34. Rxf4 gxf4 35. Re8+ Kg7 36. Re7+ Kf6 37. Rxb7 Ke5 38. Rxh7 f3 39. Re7+ Kf4 40. Rf7+ Kg3 41. Nxf3 Nxf3+ 42. Rxf3+ Kxf3 43. Kf1 1-0

[Event "GER-ch U25"]
[Site "Willingen"]
[Date "2005.05.17"]
[Round "6"]
[White "Hauffen, Kai"]
[Black "Huynh, Nhi Lang"]
[Result "0-1"]
[WhiteElo "1120"]
[BlackElo "1241"]
[PlyCount "120"]
[EventDate "2005.05.14"]
[EventType "swiss"]
[EventRounds "9"]
[EventCountry "GER"]
[SourceTitle "CBM 106 Extra"]
[Source "ChessBase"]
[SourceDate "2005.07.01"]
[SourceVersion "1"]
[SourceVersionDate "2005.07.01"]
[SourceQuality "1"]

1. e4 e5 2. Nf3 Nc6 3. Bc4 Bc5 4. c3 Nf6 5. d4 exd4 6. cxd4 Bb4+ 7. Bd2 Nxe4 8. Bxb4 Nxb4 9. Qe2 d5 10. Bd3 Nxd3+ 11. Qxd3 0-0 12. 0-0 Bf5 13. Qb3 b6 14. Nc3 Nxc3 15. Qxc3 Re8 16. Rfe1 Qd6 17. Re5 Be4 18. Re1 Rxe5 19. Nxe5 Re8 20. Re3 c5 21. f4 f6 22. Nd3 c4 23. Nb4 Qxf4 24. Nxd5 Qg5 25. Nxf6+ Qxf6 26. Qxc4+ Kh8 27. Qd3 Qg6 28. Qf1 Qf6 29. Qd3 Qc6 30. Qf1 Kg8 31. Qf4 Qc1+ 32. Kf2 Qd2+ 33. Kg3 Qxg2+ 34. Kh4 g5+ 35. Qxg5+ Qxg5+ 36. Kxg5 Bg6 37. Ra3 Ra8 38. Ra4 Kf7 39. d5 a5 40. Kf4 Rd8 41. Rd4 Kf6 42. b4 Bf7 43. Ke4 axb4 44. Rxb4 Bxd5+ 45. Kf4 Rb8 46. a4 b5 47. Rxb5 Rxb5 48. axb5 h5 49. b6 Kg6 50. h4 Bh1 51. Ke5 Bg2 52. Kf4 Bb7 53. Kg3 Kf6 54. Kf4 Bd5 55. Kg3 Kf5 56. Kh3 Kf4 57. Kh2 Kg4 58. Kg1 Kxh4 59. Kh2 Kg4 60. Kg1 Kg3 0-1

[Event "GER-ch U25"]
[Site "Willingen"]
[Date "2005.05.16"]
[Round "4"]
[White "Hauffen, Kai"]
[Black "Sadjadi, Bijan Viktor"]
[Result "1-0"]
[WhiteElo "1120"]
[BlackElo "750"]
[PlyCount "95"]
[EventDate "2005.05.14"]
[EventType "swiss"]
[EventRounds "9"]
[EventCountry "GER"]
[SourceTitle "CBM 106 Extra"]
[Source "ChessBase"]
[SourceDate "2005.07.01"]
[SourceVersion "1"]
[SourceVersionDate "2005.07.01"]
[SourceQuality "1"]

1. e4 e5 2. Nf3 Nc6 3. Bc4 Nf6 4. d3 Bc5 5. Bg5 d6 6. h3 0-0 7. Nc3 Be6 8. Nd5 Bxd5 9. Bxd5 h6 10. Be3 Bxe3 11. fxe3 Nxd5 12. exd5 Nb4 13. 0-0 Nxd5 14. e4 Ne3 15. Qe2 Nxf1 16. Rxf1 f5 17. exf5 Rxf5 18. Qe4 Rf4 19. Qg6 Qf6 20. Qh5 Kh7 21. Nd2 Rxf1+ 22. Nxf1 g6 23. Qe2 Rf8 24. b3 Qxf1+ 25. Qxf1 Rxf1+ 26. Kxf1 Kg7 27. Ke2 Kf6 28. Ke3 d5 29. g3 g5 30. g4 c5 31. c3 b5 32. a3 d4+ 33. cxd4 exd4+ 34. Ke4 Ke6 35. b4 Kd6 36. Kf3 cxb4 37. axb4 Ke6 38. Ke4 Kd6 39. Kxd4 Kc6 40. Ke5 Kb6 41. d4 a5 42. bxa5+ Kxa5 43. d5 Kb6 44. d6 Kc6 45. Ke6 b4 46. d7 b3 47. d8Q b2 48. Qd1 1-0